000 00293nam a22001337a 4500
008 170324b xxu||||| |||| 00| 0 eng d
020 _a9780781793193
041 _aeng
080 _a615.83
100 _a8
101 _aSHM
245 _aTHERAPEUTIC MODALITIES
_cKNIGHT.K.L
942 _2udc
_cBK
999 _c8553
_d8553